Central Library OPAC University of Rajshahi

Mohammed : (Record no. 32134)

MARC details
000 -LEADER
fixed length control field 00884nam a2200253 a 4500
001 - CONTROL NUMBER
control field 32134
003 - CONTROL NUMBER IDENTIFIER
rucl marc code BD-RjUL
005 - DATE AND TIME OF LATEST TRANSACTION
control field 20211209051807.0
008 - FIXED-LENGTH DATA ELEMENTS--GENERAL INFORMATION
fixed length control field 181224r19561936enkh 001 0 eng d
035 ## - SYSTEM CONTROL NUMBER
System control number (BD-RjUL)32223
040 ## - CATALOGING SOURCE
Original cataloging agency YHM
Transcribing agency YHM
Modifying agency EQO
-- BD-RjUL
Language of cataloging eng
041 1# - LANGUAGE CODE
Language code of text/sound track or separate title engger
082 ## - DEWEY DECIMAL CLASSIFICATION NUMBER
Edition number 23
Classification number 297.63
Author mark and year ANM 1956
100 1# - MAIN ENTRY--PERSONAL NAME
Personal name Andræ, Tor,
Dates associated with a name 1885-1947.
9 (RLIN) 99168
245 10 - TITLE STATEMENT
Title Mohammed :
Remainder of title the man and his faith /
Statement of responsibility, etc. Tor Andrae ; translated by Theophil Menzel.
260 ## - PUBLICATION, DISTRIBUTION, ETC. (IMPRINT)
Place of publication, distribution, etc. London :
Name of publisher, distributor, etc. George Allen & Unwin,
Date of publication, distribution, etc. 1936[Impression 1956]
300 ## - PHYSICAL DESCRIPTION
Pagination 196 p. :
Illustrations Ill. ;
Size 20 cm.
500 ## - GENERAL NOTE
General note Translation of Mohammed, sein Leben und sein Glaube.
504 ## - BIBLIOGRAPHY, ETC. NOTE
Bibliography, etc Includes bibliographical footnotes and index
600 00 - SUBJECT ADDED ENTRY--PERSONAL NAME
Personal name Muḥammad,
Titles and other words associated with a name Prophet,
Dates associated with a name -632.
700 1# - ADDED ENTRY--PERSONAL NAME
Personal name Menzel, Theophil, tr.
942 ## - ADDED ENTRY ELEMENTS (KOHA)
Source of classification or shelving scheme Dewey Decimal Classification
Koha item type Continuing Resources
Holdings
Lost status Source of classification or shelving scheme Damaged status Not for loan Collection code Permanent Location Current Location Shelving location Date acquired Source of acquisition Cost, normal purchase price Total Checkouts Full call number Date last seen Copy number Koha item type
  Dewey Decimal Classification   Not For Loan Rare Books Central Library, University of Rajshahi Central Library, University of Rajshahi Rare Book Section 27/05/1964 Thomas & Thomas 13.50   RA 297.63 ANM 1956 24/12/2018 C-1 Rare Books